[Event "Cheliabinsk Panchenko Memorial op-A"]
[Site "Cheliabinsk"]
[Date "2021.09.19"]
[Round "7"]
[White "Gusev, Kirill"]
[Black "Marchenko, Nikolay"]
[Result "1-0"]
[WhiteElo "1897"]
[BlackElo "2060"]
[PlyCount "75"]
[EventDate "2021.09.13"]
[EventType "swiss"]
[EventRounds "10"]
[EventCountry "RUS"]
[SourceTitle "CBM 204 Extra"]
[Source "ChessBase"]
[SourceDate "2021.11.30"]
[SourceVersion "1"]
[SourceVersionDate "2021.11.30"]
[SourceQuality "1"]

1. d4 Nf6 2. c4 e6 3. Nf3 d5 4. cxd5 exd5 5. Nc3 Bb4 6. Qc2 g6 7. Bg5 Bf5 8. Qa4+ Nc6 9. e3 h6 10. Bxf6 Qxf6 11. Bb5 0-0 12. 0-0 Bxc3 13. bxc3 Ne7 14. Be2 c6 15. c4 a6 16. Qb3 Rab8 17. a4 g5 18. Ne5 Be6 19. a5 Qg7 20. cxd5 Nxd5 21. Bc4 Rfd8 22. Nd3 f5 23. Nc5 Bf7 24. Rab1 f4 25. Qd3 Kh8 26. Rbd1 fxe3 27. fxe3 Re8 28. Bxd5 cxd5 29. Qb3 Qg6 30. Nd7 Qe6 31. Nxb8 Rxb8 32. e4 dxe4 33. d5 Qd7 34. Qb6 Kh7 35. Rf6 Qe7 36. Rxh6+ Kg7 37. Rh3 Rd8 38. Qh6+ 1-0

[Event "Cheliabinsk Panchenko Memorial op-A"]
[Site "Cheliabinsk"]
[Date "2021.09.14"]
[Round "2"]
[White "Strybuk, Artsiom I"]
[Black "Gusev, Kirill"]
[Result "1-0"]
[WhiteElo "2234"]
[BlackElo "1897"]
[PlyCount "87"]
[EventDate "2021.09.13"]
[EventType "swiss"]
[EventRounds "10"]
[EventCountry "RUS"]
[SourceTitle "CBM 204 Extra"]
[Source "ChessBase"]
[SourceDate "2021.11.30"]
[SourceVersion "1"]
[SourceVersionDate "2021.11.30"]
[SourceQuality "1"]

1. d4 d5 2. c4 c6 3. Nf3 Nf6 4. e3 e6 5. b3 Be7 6. Bb2 Nbd7 7. Bd3 b6 8. 0-0 Bb7 9. Nc3 0-0 10. Qc2 Rc8 11. Rad1 Qc7 12. e4 dxe4 13. Nxe4 h6 14. Rfe1 Nxe4 15. Bxe4 Bf6 16. b4 c5 17. Bxb7 Qxb7 18. dxc5 bxc5 19. Bxf6 Nxf6 20. b5 Rfd8 21. Ne5 Qc7 22. Nc6 Rxd1 23. Qxd1 Re8 24. h3 g5 25. Qf3 Kg7 26. Qa3 Nd7 27. Rd1 Ra8 28. Qc3+ Nf6 29. Rd3 Re8 30. Qe5 Qxe5 31. Nxe5 Re7 32. Ra3 Rc7 33. Nc6 Nd7 34. Nxa7 Nb6 35. Ra6 Nxc4 36. a4 Ne5 37. b6 Rb7 38. a5 Kf8 39. Nb5 Nc6 40. Nd6 Rb8 41. b7 Nd8 42. Ra8 Nc6 43. a6 Ke7 44. Rxb8 1-0